Христофор Колумб (Запис номер 430779)
[ съкратено ]
| 000 -Лидер | |
|---|---|
| Контролно поле с фиксирана дължина | nam a22 a 4500 |
| 003 - Код на организацията, давaща контролен номер | |
| Контролно поле | BLK |
| 005 - Дата и час на последна редакция | |
| Контролно поле | 20210901130401.0 |
| 008 - Елементи от данни с фиксирана дължина | |
| fixed length control field | 210901b bu |||||r|||| 00| | bu d |
| 040 ## - Източник на каталожния запис | |
| Идентификатор на билиотеката - собственик на записа | BLK |
| 041 ## - Код за език | |
| Код за езика на текст/звукозапис или на отделно заглавие | Руски |
| Код за езика КДБФ | Руски |
| 080 ## - УДК | |
| Текстов определител УДК | Откривателски пътешествия. Експедиции |
| УДК код - определител по УДК | 910.4 |
| УДК определител | (092) |
| УДК - код + определител | 910.4(092) |
| 080 ## - УДК | |
| Текстов определител УДК | Генуезки изследовател и търговец, прекосил Атлантическия океан и достигнал Америка |
| УДК код - определител по УДК | 929 Колумб, Христофор |
| УДК - код + определител | 929 Колумб, Христофор |
| 100 ## - Редна дума - Автор | |
| R(LIN) | 1299 |
| Автор | Валуева-Мунт, Анна Петровна |
| Авторска отговорност | първи автор |
| 139 ## - Редно поле | |
| Редна дума | Валуева-Мунт, Анна Петровна |
| 245 ## - Сведения за заглавието | |
| Заглавие | Христофор Колумб |
| Редно поле (дума) | А. П. Валуева-Мунт |
| 250 ## - Област на изданието | |
| Сведения за изданието | 3-е изд.. |
| 257 ## - Страна на издаване | |
| Страна на създаване/издаване | Русия |
| 260 ## - Област на издателските данни | |
| 9 (RLIN) | 463676 |
| Място на издаване, разпространение и проч. | Москва |
| Име на издателя, разпространителя и проч. | К. И. Тихомиров |
| Година на издаване | 1904. |
| 300 ## - Физическа характеристика | |
| Страници | 110 с. |
| Илюстрации и др. | 1 л. карт. . : портр. |
| Размери/Мащаб | 18 см |
| 380 ## - Жанр | |
| Жанр | География |
| 490 ## - СЕРИИ (Колекции) | |
| 9 (RLIN) | 463677 |
| Име на серия | Рассказы о великих и хороших людях |
| №: серия | № 7 |
| 600 14 - Име на лице, използвано като предмет | |
| 9 (RLIN) | 81616 |
| За него / За нея | Колумб, Христофор |
| 650 #7 - Допълнително описание по предмет – тема | |
| 9 (RLIN) | 158967 |
| Основно описание – тема или топоним | Колумб, Христофор |
| 852 ## - Местоположение | |
| Форматна сигнатура | Цб 9.175.49093 |
| Фондова буква | Основен фонд - ползва се само за читалня |
| 999 ## - СИСТЕМНИ КОНТРОЛНИ НОМЕРА | |
| Koha biblionumber | 430779 |
| Koha biblioitemnumber | 430779 |
| 942 ## - АРТИКУЛИ | |
| Вид на библиотечния материал | Книги |
| Скрит в OPAC | Не |
| Периодичен библиозапис | Да |
| 944 ## - СЪЗДАВАНЕ И РЕДАКЦИЯ на ЗАПИСА | |
| Създаване/Редакция | Създаване |
| Дата на регистрацията/редакция | 2021-09-01 |
| Служител, извършил регистрацията/редакцията | ВП |
| Код за отписване | Код за изгубен артикул | Източник на класификационната схема | Код за повреда | Коз за рестрикции | Код за отдаване | Артикулен № | Име на библиотеката - собственик | Име на библиотеката, в която се намира в момента | Статус (Текущо местоположение) | Дата на вписване в системата | Местоположение - отдел | Цена в лева | Инвентарен номер | Систематично азбучна сигнатура | Баркод | Цена в евро | Служебен тип на артикула |
|---|---|---|---|---|---|---|---|---|---|---|---|---|---|---|---|---|---|
| Не е изгубен | Universal Decimal Classification | Не е повреден | само за читалня | ползва се в читалня | 851225 | Регионална библиотека "Любен Каравелов" Русе | Регионална библиотека "Любен Каравелов" Русе | Хранилище | 2021-09-02 | Основен фонд - ползва се само за читалня | 0.22 | 12010/58 | Цб 9.175.49093 | 900000077078 | 0.11 | Книги |